Negeri Perak Darul Ridzuan

Bibliographic Details
Main Author: Mohamed Roselan Abd. Malek
Format: Book
Published: Selangor : Oscar Book International , 1998
Series:Siri kesan sejarah dan tempat-tempat menarik
Subjects:

MARC

LEADER 00000cam a2200000 7i4500
001 0000046966
005 20150412.0
008 150412
020 |a 9679413373(set) 
020 |a 9679413381 
020 |a 9789679413380 
090 0 0 |a 959.5   |b MOH 
100 1 |a Mohamed Roselan Abd. Malek 
245 1 0 |a Negeri Perak Darul Ridzuan   |c Mohamed Roselan Abd. Malek 
260 |a Selangor :   |b Oscar Book International ,   |c 1998 
490 1 |a Siri kesan sejarah dan tempat-tempat menarik 
650 0 |a Perak   |x Description and travel 
650 0 |a Perak   |x History 
999 |a 0000713725   |b Book   |c Adult Collection   |e Cawangan Muar 
999 |a 0000713728   |b Book   |c Adult Collection   |e Cawangan Tmn. Ungku Tun Aminah 
999 |a 0000713731   |b Book   |c Adult Collection   |e Cawangan Mersing 
999 |a 0000713732   |b Book   |c Adult Collection   |e Cawangan Pontian 
999 |a 0000713735   |b Book   |c Adult Collection   |e Cawangan Mersing 
999 |a 0000713737   |b Book   |c Adult Collection   |e Cawangan Muar 
999 |a 000713726   |b Book   |c Adult Collection   |e Cawangan Batu Pahat 
999 |a 000713740   |b Book   |c Adult Collection   |e Cawangan Batu Pahat